000 02093nam0a2200337 4500
001 RU\NLR\bibl\1294017
005 20260405174823.0
021 _aRU
_b2008-75199
_94331
035 _a(NLR Aleph) 001279662
090 _a490913
_c490913
100 _a20081112d2008 |||y0rusy50 ca
101 0 _arus
102 _aRU
105 _aa |||||||||
200 1 _aМетоды измерений, контроля и испытаний продукции технического назначения
_eучебно-методическое пособие по направлениям "Технология, оборудование и автоматизация машиностроительных производств" и "Стандартизация и сертификация"
_fВ.В. Соловьев, Г.В. Расторгуев
210 _aМосква
_cРоссийский университет дружбы народов
_d2008
215 _a54 с.
_cил.
_d21
320 _aБиблиогр.: с. 54 (3 назв.)
606 1 _aДетали машин
_jУчебно-методические пособия для высших учебных заведений
_xИзмерение
_9939919
_3RU\NLR\auth\66347628
606 1 _aДетали машин
_jУчебно-методические пособия для высших учебных заведений
_xТехнический контроль
_9942322
_3RU\NLR\auth\66348893
606 1 _aДетали машин
_jУчебно-методические пособия для высших учебных заведений
_xИспытание
_9941150
_3RU\NLR\auth\66348265
686 _aК5-7я73-1
686 _aК47я73-1
700 1 _4070
_8rus
_7ca
_aСоловьев
_bВ. В.
_cканд. техн. наук
_gВиктор Викторович
_3RU\NLR\auth\7775986
_958914
701 1 _aРасторгуев
_bГ. В.
_gГеннадий Васильевич
_4070
801 0 _aRU
_bNLR
_c20081112
_gRCR
801 1 _aRU
_bNLR
_c20081112
830 _aавт. по кн.
942 _cBOOK
980 _aNB